PERSPECTIVE OF EDUCATION (Record no. 12112)

MARC details
000 -LEADER
fixed length control field 00280nam a22001337a 4500
003 - CONTROL NUMBER IDENTIFIER
control field SGT
082 ## - DEWEY DECIMAL CLASSIFICATION NUMBER
Classification number 370
Item number P10Y
100 ## - MAIN ENTRY--PERSONAL NAME
Personal name YADAV, ANIL
245 ## - TITLE STATEMENT
Title PERSPECTIVE OF EDUCATION
260 ## - PUBLICATION, DISTRIBUTION, ETC. (IMPRINT)
Place of publication, distribution, etc NEW DELHI
Name of publisher, distributor, etc J.B.T. PUB
Year of Publication 2010
300 ## - PAGE DESCRIPTION
No. of Pages 224
650 ## - SUBJECT ADDED ENTRY--TOPICAL TERM
Topical term or geographic name as entry element EDUCATION
942 ## - ADDED ENTRY ELEMENTS (KOHA)
Source of classification or shelving scheme Dewey Decimal Classification
Koha item type Books
Holdings
Withdrawn status Lost status Source of classification or shelving scheme Damaged status Not for loan Collection code Home library Current library Shelving location Date acquired Vendor Name Cost, normal purchase price SGTU Bill Number Full call number Accession No. (Barcode) Date last seen Bill Date Koha item type Total Checkouts Date last borrowed
    Dewey Decimal Classification     EDUCATION SGT Engineering Library SGT Engineering Library Text Book 03/07/2017 UNIVERSAL PUB 245.00 SGTU 101/102 370 P10Y ED1961 03/07/2017 22/11/2016 Books    
    Dewey Decimal Classification     EDUCATION SGT Engineering Library SGT Engineering Library Text Book 03/07/2017 UNIVERSAL PUB 245.00 SGTU 101/102 370 P10Y ED1962 03/07/2017 22/11/2016 Books    
    Dewey Decimal Classification     EDUCATION SGT Engineering Library SGT Engineering Library Text Book 03/07/2017 UNIVERSAL PUB 245.00 SGTU 101/102 370 P10Y ED1963 03/07/2017 22/11/2016 Books    
    Dewey Decimal Classification     EDUCATION SGT Engineering Library SGT Engineering Library Text Book 03/07/2017 UNIVERSAL PUB 245.00 SGTU 101/102 370 P10Y ED1964 07/03/2020 22/11/2016 Books 2 20/02/2020
    Dewey Decimal Classification     EDUCATION SGT Engineering Library SGT Engineering Library Text Book 03/07/2017 UNIVERSAL PUB 245.00 SGTU 101/102 370 P10Y ED1965 03/07/2017 22/11/2016 Books